000 00276nam a2200121Ia 4500
999 _c9787
_d9787
003 OSt
005 20220303104804.0
008 220112s9999||||xx |||||||||||||| ||und||
020 _a9789386479792
100 _aDayaratnam
245 0 _aBrick and reinforced structures
942 _2ddc